000 00615nam a2200241Ia 4500
003 OSt
005 20221007065002.0
006 a|||||r|||| 00| 0
007 ta
008 221006b |||||||| |||| 00| 0 eng d
024 _a21,403
037 _cTextual
040 _aFLL
_cFLL
_beng
041 _2eng
_aeng
082 _aZ2;1154, N8
100 _aChen Martha Alter
_9142285
245 0 _aWisdom in India
250 _a1st
260 _aDelhi
_bSage Publications India
_c1998
300 _a455p
_ccm.
942 _hZ2;1154, N8
_cTEXL
_2CC
999 _c1135944
_d1135944